000 00561nam a2200169Ia 4500
008 180921t2016 xxu||||| |||| 00| 0 sin d
041 _asin
080 _a82-9
_bILA
100 _aIlayapperuma,Earick
245 _aඅශෝක හඳගමට විවෘත ලිපියක් කලාකරුවෝ සහ විචාරකයා
246 _aAshoka Hadagamata Wiwrtha Lipiyak Kalakaruwa Saha Wicharakaya
260 _bStar Plus
_aKealaniya
_c2016
300 _b62p, 21cm
942 _cBK
999 _c2471
_d2471
003 LK-CoDNM
040 _aLK-CoDNM
_dLK-CoDNM
_eLK-CoDNM